Los problemas de la formación del Estado en centroamerica. (I): el proyecto del poder federal /
সংরক্ষণ করুন:
| প্রধান লেখক: | |
|---|---|
| বিন্যাস: | পাঠ্য |
| ভাষা: | Spanish |
| বিষয়গুলি: | |
| ট্যাগগুলো: |
ট্যাগ যুক্ত করুন
কোনো ট্যাগ নেই, প্রথমজন হিসাবে ট্যাগ করুন!
|
MARC
| LEADER | 00000 a a2200000 04500 | ||
|---|---|---|---|
| 001 | 43574 | ||
| 003 | cru CRAI/IIS | ||
| 005 | 20210511151415.0 | ||
| 008 | 210511b |||||||| |||| 00| 0 spa d | ||
| 040 | |c cru CRAI/IIS | ||
| 100 | |a Torres Rivas, Edelberto | ||
| 245 | 1 | 4 | |a Los problemas de la formación del Estado en centroamerica. (I): |b el proyecto del poder federal / |c Edelberto Torres- Rivas |
| 500 | |a Colección Centroamérica | ||
| 650 | |a AMERICA CENTRAL | ||
| 650 | |a ESTADO | ||
| 650 | |a FEDERALISMO | ||
| 650 | |a GASTOS | ||
| 773 | |g volumen9, número26 ( , 1980), páginas 155-194 | ||
| 773 | 0 | |0 18875 |9 5352 |a Universidad de Costa Rica. |d San José, Costa Rica: Universidad de Costa Rica. Consejo Superior Universitario Centroamericano, 1972- |o 14334 |t Estudios Sociales Centroamericanos / |x 03039676 | |
| 942 | |2 ddc |c PP | ||
| 999 | |c 26940 |d 26940 | ||
